Opatrenie Ministerstva financií Slovenskej republiky, ktorým sa ustanovuje účtová osnova a postupy účtovania pre podnikateľov ...
Znenie Opatrenia MF SR, ktorým sa ustanovuje účtová osnova a postupy účtovania pre podnikateľov v znení opatrenia MF SR č. 21891/1999-92. Týmto opatrením sa ustanovuje účtová osnova a postupy účtovania pre právnické osoby, ktoré podnikajú podľa osobitných predpisov a pre fyzické osoby, ktoré sú účto...
Guardado en:
| Formato: | Capítulo de libro |
|---|---|
| Lenguaje: | eslovaco |
| Materias: | |
| Etiquetas: |
Sin Etiquetas, Sea el primero en etiquetar este registro!
|
MARC
| LEADER | 00000naa a2200000 4500 | ||
|---|---|---|---|
| 001 | r037822 | ||
| 005 | 20230926082448.5 | ||
| 041 | 0 | |a slo | |
| 044 | |a SK | ||
| 245 | 1 | 0 | |a Opatrenie Ministerstva financií Slovenskej republiky, ktorým sa ustanovuje účtová osnova a postupy účtovania pre podnikateľov ... |
| 520 | |a Znenie Opatrenia MF SR, ktorým sa ustanovuje účtová osnova a postupy účtovania pre podnikateľov v znení opatrenia MF SR č. 21891/1999-92. Týmto opatrením sa ustanovuje účtová osnova a postupy účtovania pre právnické osoby, ktoré podnikajú podľa osobitných predpisov a pre fyzické osoby, ktoré sú účtovnými jednotkami. | ||
| 610 | 2 | 0 | |a osnova účtová |
| 610 | 2 | 0 | |a postupy účtovné |
| 610 | 2 | 0 | |a podnikatelia |
| 610 | 2 | 0 | |a osoby fyzické |
| 610 | 2 | 0 | |a osoby právnické |
| 610 | 2 | 0 | |a účtovanie |
| 610 | 2 | 0 | |a opatrenia |
| 610 | 2 | 0 | |a MF SR Bratislava |
| 610 | 2 | 0 | |a január |
| 610 | 2 | 0 | |a 2000 |